Geomatics Faculty business plan (Record no. 68072)

MARC details
000 -LEADER
fixed length control field 00766cam a2200193 4500
001 - CONTROL NUMBER
control field ABS64378
008 - FIXED-LENGTH DATA ELEMENTS--GENERAL INFORMATION
fixed length control field 010823n2001 000 0 eng u
035 ## - SYSTEM CONTROL NUMBER
System control number (Sirsi) u114294
100 ## - MAIN ENTRY--PERSONAL NAME
Personal name Curtis, M
245 ## - TITLE STATEMENT
Title Geomatics Faculty business plan
260 ## - PUBLICATION, DISTRIBUTION, ETC.
Date of publication, distribution, etc. 2001
490 ## - SERIES STATEMENT
Series statement Surveying World
Volume/sequential designation 9(5) July/August 2001, 31(1)
520 ## - SUMMARY, ETC.
Summary, etc. Description of the business plan of the RICS Geomatics Faculty by the faculty chairman, Mike Curtis. Outlines the six major project areas; promotion and recruitment, education and competence, research and public policy, member services, services for business and society with details of the Faculty Board.
590 ## - LOCAL NOTE (RLIN)
Local note ABS
650 ## - SUBJECT ADDED ENTRY--TOPICAL TERM
Topical term or geographic name entry element BUSINESS PLAN
650 ## - SUBJECT ADDED ENTRY--TOPICAL TERM
Topical term or geographic name entry element FACULTIES
690 ## - LOCAL SUBJECT ADDED ENTRY--TOPICAL TERM (OCLC, RLIN)
Topical term or geographic name as entry element Geomatics
9 (RLIN) 6242
942 ## - ADDED ENTRY ELEMENTS (KOHA)
Suppress in OPAC 0
Holdings
Withdrawn status Lost status Source of classification or shelving scheme Damaged status Not for loan Home library Current library Shelving location Date acquired Total Checkouts Full call number Barcode Date last seen Copy number Price effective from Koha item type
    Dewey Decimal Classification     London London Journal article 23/08/2001   ABS64378 114294-1001 06/08/2019 1 06/08/2019 Journal article